Můj pes je erotoman /
Humor ze života: mezi fenkou a osudovou ženou Každý muž se od narození po celý život setkává se ženami i se psy. Nejprve se jich (žen i psů) nezřídka trochu bojí, pak je zase moc chce, a i když si je pořídí, mohou vznikat situace, které stojí za písemný záznam. Dítě, rodiče a pes. Muž a pes. Muž se...
Uloženo v:
| Hlavní autor: | |
|---|---|
| Další autoři: | |
| Médium: | E-audiokniha |
| Vydáno: |
Praha :
Supraphon a.s.,
2026
|
| Tagy: |
Žádné tagy |
| LEADER | 02828nim a22004217i 4500 | ||
|---|---|---|---|
| 001 | 297565 | ||
| 007 | sr nunnnnnnned | ||
| 024 | |a 099925720902 | ||
| 044 | |a xr | ||
| 100 | 1 | |a Zlatohlávek, Jan |4 aut | |
| 245 | 1 | 0 | |a Můj pes je erotoman / |c Zlatohlávek, Jan |
| 264 | 1 | |a Praha : |b Supraphon a.s., |c 2026 | |
| 300 | |a 1 online zdroj (4 hod., 2 min., 23 sek.) | ||
| 336 | |a mluvené slovo |b spw |2 rdacontent | ||
| 337 | |a audio |b s |2 rdamedia | ||
| 338 | |a online zdroj |b cr |2 rdacarrier | ||
| 505 | 0 | 0 | |t Benýsek taví metlo (16 min., 38 sek.) |
| 505 | 0 | 0 | |t Vůně od paní Háty (9 min., 38 sek.) |
| 505 | 0 | 0 | |t Tamara s vlčákem a krásnýma nohama… (11 min., 6 sek.) |
| 505 | 0 | 0 | |t První sex ve čtvrté třídě: s Helenkou a Ritou (7 min., 3 sek.) |
| 505 | 0 | 0 | |t O želvách, které chodí do školy, a o statečném pitbulkovi (25 min., 34 sek.) |
| 505 | 0 | 0 | |t Mladý svět pro newfoundlanda (15 min., 55 sek.) |
| 505 | 0 | 0 | |t S Rexem na železné oponě (21 min., 8 sek.) |
| 505 | 0 | 0 | |t Bessy, má nevěsta se závojem (11 min., 12 sek.) |
| 505 | 0 | 0 | |t Aby mamince nebylo smutno (11 min., 45 sek.) |
| 505 | 0 | 0 | |t Výměna Bessy za kolo a nezbedné pipinky (14 min., 48 sek.) |
| 505 | 0 | 0 | |t Nevlastní dítě s knírkem od knírače (9 min., 54 sek.) |
| 505 | 0 | 0 | |t Toto je náš pejsek Toto (6 min., 13 sek.) |
| 505 | 0 | 0 | |t Šošonek, Housenka, Rybka, Bublinka a Kelly Kelišová (15 min., 0 sek.) |
| 505 | 0 | 0 | |t Můj pes je erotoman (25 min., 48 sek.) |
| 505 | 0 | 0 | |t Venčí se Napoleon, Putin i Sarkozy (14 min., 5 sek.) |
| 505 | 0 | 0 | |t Kalupinka, Mates, Mikeš, Max a Meďula (26 min., 45 sek.) |
| 520 | 2 | |a Humor ze života: mezi fenkou a osudovou ženou Každý muž se od narození po celý život setkává se ženami i se psy. Nejprve se jich (žen i psů) nezřídka trochu bojí, pak je zase moc chce, a i když si je pořídí, mohou vznikat situace, které stojí za písemný záznam. Dítě, rodiče a pes. Muž a pes. Muž se psem a žena. Muž a žena se psem. Muž, žena, pes a děti. Muž, pes a milenka. Pes jako náhrada dítěte, pes jako potrava, pes žárlivec, pes klaun, pes nezvedenec, pes usmiřovatel, pes erotoman… Humorně laděná povídková audiokniha je autobiografickým průřezem autorova setkávání se psy a ženami různých plemen, a to doslova. David Matásek svou interpretací velmi přesně kombinuje rovinu humoru a pravdivého sdělení. Povídky o psech a ženách různých plemen | |
| 700 | 1 | |a Matásek, David |4 nrt | |
| 910 | |a RBIT002 | ||
| 998 | |d 426178 |a https://core.palmknihy.cz/api/books/426178/cover?tdblrq |b https://core.palmknihy.cz/api/books/426178/cover/400?tdblrq |c https://core.palmknihy.cz/api/books/426178/cover/50?tdblrq |e 2026-04-24 |i 099925720902 |l 14543 |q 49 |r 1 |s https://www.palmknihy.cz/kniha/426178 |t audiobook |y 2026 |z 1 | ||
| 999 | |d 297563 | ||